[Event "2nd Sharjah Masters 2018"]
[Site "Sharjah"]
[Date "2018.04.14"]
[Round "4"]
[White "Sadhwani, Raunak"]
[Black "Salim Mohammed Salim Al Amri"]
[Result "1-0"]
[WhiteElo "2358"]
[BlackElo "1970"]
[Annotator "NA"]
[PlyCount "77"]
[EventDate "2018.??.??"]
[EventType "swiss"]
[EventCountry "UAE"]
[SourceTitle "playchess.com"]
[Source "ChessBase"]
[SourceQuality "1"]
[TimeControl "5400+30"]

1. e4 {[%emt 0:00:00]} e5 {[%emt 0:00:06]} 2. Nf3 {[%emt 0:00:00]} Nc6 {[%emt 0:00:05]} 3. Bc4 {[%emt 0:00:00]} Nf6 {[%emt 0:00:27]} 4. d3 {[%emt 0:00:00]} Bc5 {[%emt 0:00:09]} 5. O-O {[%emt 0:00:01]} d6 {[%emt 0:00:08]} 6. c3 {[%emt 0:00:22]} a6 {[%emt 0:00:27]} 7. a4 {[%emt 0:00:13]} O-O {[%emt 0:00:29]} 8. Bg5 {[%emt 0:02:39] C54: Giuoco Piano: 4 c3 Nf6, main lines with 5 d4 and 5 d3} (8. h3 h6 9. Re1 Re8 10. Nbd2 Be6 11. Bxe6 Rxe6 12. b4 Ba7 13. Qc2 Qd7 14. Nf1 d5 15. Ng3 Rd8 16. exd5 Qxd5 {½-½ (63) Carlsen,M (2834)-Kramnik,V (2787) Wijk aan Zee 2018}) 8... h6 {[%emt 0:00:35]} 9. Bh4 {[%emt 0:00:04]} g5 {[%emt 0:00:33]} 10. Bg3 {[%emt 0:00:04]} Bg4 {[%emt 0:00:11]} 11. h3 {[%emt 0:02:34]} Bh5 {[%emt 0:00:21]} 12. Nbd2 {[%emt 0:00:06]} g4 $146 {[%emt 0:01:49]} ({Find the theoretical novelty and annotate with similar games:} 12... Ba7 13. Qe1 Bg6 14. Kh1 Nh5 15. Ng1 Kh8 16. Bh2 {0-1 (58) Aabling Thomsen,J (2375)-Hjartarson,J (2583) Reykjavik 2014}) 13. hxg4 {[%emt 0:00:21]} Bxg4 {[%emt 0:00:16]} 14. Bh4 {[%emt 0:01:00]} Kg7 {[%emt 0:00:25]} 15. Qc1 {[%emt 0:01:09]} Ba7 {[%emt 0:00:50]} 16. Nh2 {[%emt 0:00:46]} Be2 {[%emt 0:00:50]} 17. Ndf3 {[%emt 0:02:48]} Bxf1 {[%emt 0:02:32]} 18. Nxf1 {[%emt 0:01:24]} Qd7 {[%emt 0:05:49]} 19. Ng3 {[%emt 0:00:26]} Ng4 {[%emt 0:00:30]} 20. Nf5+ {[%emt 0:00:06]} Kh7 $18 {[%emt 0:18:26]} 21. Nh2 {[%emt 0:00:10]} Ne3 {[%emt 0:00:22]} 22. fxe3 {[%emt 0:00:28]} Rg8 {[%emt 0:00:13]} 23. Qd1 {[%emt 0:00:09]} Rg6 {[%emt 0:00:31]} 24. Ng4 {[%emt 0:00:45]} Rag8 {[%emt 0:00:30]} 25. Nf6+ {[%emt 0:00:07]} Rxf6 {[%emt 0:00:06]} 26. Bxf6 {[%emt 0:00:05]} Rg6 {[%emt 0:00:22]} 27. Bh4 {[%emt 0:00:14]} f6 {[%emt 0:00:41]} 28. Qf3 {[%emt 0:00:43]} Nd8 {[%emt 0:00:12]} 29. Rf1 {[%emt 0:00:52]} c6 {[%emt 0:00:12]} 30. d4 {[%emt 0:00:41]} b5 {[%emt 0:00:07]} 31. axb5 {[%emt 0:00:15]} axb5 {[%emt 0:00:02]} 32. Ba2 {[%emt 0:00:11]} c5 {[%emt 0:00:16]} 33. dxe5 {[%emt 0:00:08]} dxe5 {[%emt 0:00:13]} 34. Rd1 {[%emt 0:00:10]} Qc7 {[%emt 0:00:12]} 35. Bd5 {[%emt 0:00:20]} c4 {[%emt 0:00:09]} 36. Qe2 {[%emt 0:00:21]} Nf7 {[%emt 0:00:37]} 37. Bxf7 {[%emt 0:00:16]} Qxf7 {[%emt 0:00:02]} 38. Rd5 {[%emt 0:00:08]} Qb7 {[%emt 0:00:14]} 39. Qd2 {[%emt 0:00:04]} 1-0

[Event "2nd Sharjah Masters 2018"]
[Site "Sharjah"]
[Date "2018.04.14"]
[Round "4"]
[White "Srija, Seshadri"]
[Black "Tabatabaei, M amin"]
[Result "0-1"]
[WhiteElo "2264"]
[BlackElo "2605"]
[Annotator "TA"]
[PlyCount "89"]
[EventDate "2018.??.??"]
[EventType "swiss"]
[EventCountry "UAE"]
[SourceTitle "playchess.com"]
[Source "ChessBase"]
[SourceQuality "1"]

{[%evp 21,89,0,0,0,16,21,13,-1,5,6,54,2,0,-35,-39,-52,-43,-51,-54,-50,-45,-64,-69,-70,-37,-83,-78,-70,-74,-108,-89,-122,-101,-103,-4,-9,-16,-27,0,0,0,-62,-60,-99,-53,-559,-557,-546,-521,-877,-872,-794,-793,-12813,-12805,-5589,-1016,-2424,0,-2137,0,-398,0,-983,0,-517,-103,-12832,-12831,-2492]} 1. e4 c6 2. d4 d5 3. e5 Bf5 4. Nf3 e6 5. Be2 Nd7 6. O-O h6 7. Nbd2 Ne7 {B12: Caro-Kann: Advance Variation} 8. Nb3 g5 (8... Qc7 9. c3 Bh7 10. Bd3 Bxd3 11. Qxd3 c5 12. Nxc5 Nxc5 13. dxc5 Qxc5 14. Be3 {½-½ (70) Carlsen,M (2832)-So,W (2815) chess.com INT 2017}) 9. Ne1 Qc7 10. Nd3 Ng6 11. Be3 O-O-O {LiveBook: 8 Games} 12. Bg4 Bxg4 13. Qxg4 Be7 $146 ({Predecessor:} 13... c5 14. Nbxc5 Bxc5 15. dxc5 Ndxe5 16. Nxe5 Nxe5 {½-½ (34) Obertin,F (2426)-Rodriguez Rey,J (2342) ICCF email 2015}) 14. Rac1 h5 15. Qe2 f5 16. f4 (16. exf6 $14 Bxf6 17. Qd2) 16... gxf4 17. Nxf4 Nxf4 18. Bxf4 Kb8 19. c4 dxc4 20. Qxc4 Nf8 21. Bd2 Rd5 22. Bb4 Rg8 23. Nc5 Bxc5 $1 24. Bxc5 {[#] Qxd5! is the strong threat.} Ka8 25. Qe2 Nd7 26. Rf4 Nxc5 27. Rxc5 Qd8 (27... Rxc5 $17 28. dxc5 Qd7) 28. Rxd5 $11 Qxd5 {[%mdl 4096] Endgame KQR-KQR} 29. b3 c5 30. dxc5 Qxc5+ 31. Rf2 ({Better is} 31. Kh1 $11) 31... h4 $36 {[%mdl 2048] Black fights for an advantage.} 32. Qc4 Qxe5 33. Re2 $2 {[%mdl 8192]} ({White should play} 33. h3 $1 $15) 33... Qa1+ $19 34. Kf2 Qh1 {And now ...f4 would win.} 35. Qxh4 Rxg2+ 36. Ke3 Qc1+ 37. Kf3 Qc6+ 38. Ke3 Qc5+ (38... Qc3+ $142 39. Kf4 Rg4+ 40. Qxg4 Qd4+ 41. Kf3 Qxg4+ 42. Ke3 f4+ 43. Kf2 f3) 39. Kf3 Qc6+ 40. Ke3 $1 Qc1+ $2 (40... Qc3+ 41. Kf4 Rg4+ 42. Qxg4 Qd4+ 43. Kf3 Qxg4+ 44. Kf2 {[#]} e5 $1 {[%mdl 512]}) 41. Kf3 {Intending Qd8+ and mate.} Qc6+ $2 (41... Rg8 42. Qc4 Qf1+ 43. Rf2 Qh1+ 44. Ke2 Rd8) 42. Ke3 $1 {White wants to mate with Qd8+.} Qc5+ $2 (42... Qc3+ $19 43. Kf4 Qd4+ 44. Kf3 Qxh4 45. Rxg2 Kb8 46. Rg8+ Kc7) 43. Kd2 $2 {[%mdl 8192]} (43. Kf3 $1 $11 Qd5+ 44. Qe4 fxe4+ 45. Kxg2) 43... Qd5+ $2 (43... Qa5+ $19 44. Kd1 Rg1+ 45. Re1 Rg8) 44. Kc3 $2 {[%mdl 8192]} (44. Kc1 $17 Qc5+ 45. Kb1 Rg1+ 46. Re1) 44... Qf3+ 45. Kd4 {Precision: White = 29%, Black = 44%.} 0-1

[Event "2nd Sharjah Masters 2018"]
[Site "Sharjah"]
[Date "2018.04.14"]
[Round "4"]
[White "El Jawich, Amro"]
[Black "Erigaisi Arjun"]
[Result "0-1"]
[WhiteElo "2254"]
[BlackElo "2481"]
[Annotator "TA"]
[PlyCount "46"]
[EventDate "2018.??.??"]
[EventType "swiss"]
[EventCountry "UAE"]
[SourceTitle "playchess.com"]
[Source "ChessBase"]
[SourceQuality "1"]

{[%evp 17,46,-22,-20,-30,-19,-166,-158,-158,-143,-148,-168,-258,-225,-351,-325,-316,-320,-400,-391,-402,-389,-634,-629,-29994,-217,-29995,-29996,-29996,-29997,-29998,-29999]} 1. e4 c5 2. Nf3 e6 3. d4 cxd4 4. Nxd4 a6 5. Nc3 Qc7 6. Be2 Nf6 7. O-O d6 8. Be3 Nbd7 {B84: Sicilian Scheveningen: 6 Be2 a6, lines without early Be3} (8... b5 9. f3 Bb7 10. Qd2 Be7 11. g4 Nc6 12. Nxc6 Bxc6 13. a3 Qb7 14. Rad1 O-O 15. Qe1 a5 16. Bd3 b4 17. axb4 axb4 {1-0 (35) Filippov,A (2582)-Saric,I (2660) Almaty 2016}) 9. f4 b5 {LiveBook: 14 Games} 10. f5 e5 {Black has an edge.} 11. Ne6 (11. Nb3 $11 {and White is okay.}) 11... fxe6 $19 12. fxe6 Nb6 13. Bh5+ {[#]} Kd8 $1 14. Bf7 $146 (14. Nd5 $142 Nbxd5 15. exd5) ({Find the theoretical novelty and annotate with similar games:} 14. Nd5 Nbxd5 15. exd5 Be7 16. c4 bxc4 {0-1 (45) Euler,G (2363)-Fuhrmann,D (2286) Germany 2005}) 14... Bb7 15. Nd5 (15. Qe1 {is a better defense.} b4 16. Ne2) 15... Nbxd5 16. exd5 Be7 ({Much less strong is} 16... Nxd5 17. e7+ Nxe7 18. Be6) 17. c4 bxc4 18. Rc1 Nxd5 {[%cal Bf6d5,Bd5f4,Bf4e2][%mdl 32]} 19. Bf2 $2 (19. Bd2) 19... Nf4 20. Qa4 Ne2+ 21. Kh1 {[#]} Bxg2+ $1 {Black mates.} 22. Kxg2 Qb7+ 23. Kh3 Qf3+ {Precision: White = 12%, Black = 100%.} 0-1

[Event "2nd Sharjah Masters 2018"]
[Site "Sharjah"]
[Date "2018.04.14"]
[Round "4"]
[White "Mohannad, Farhan"]
[Black "Vignesh N R"]
[Result "0-1"]
[WhiteElo "2219"]
[BlackElo "2475"]
[Annotator "TA"]
[PlyCount "80"]
[EventDate "2018.??.??"]
[EventType "swiss"]
[EventCountry "UAE"]
[SourceTitle "playchess.com"]
[Source "ChessBase"]
[SourceQuality "1"]

{[%evp 18,80,0,-17,0,-40,0,-45,0,-14,-27,-19,-20,-52,-12,-132,-139,-228,-239,-249,-262,-229,-165,-166,-164,-169,-168,-157,-127,-199,-192,-234,-237,-242,-239,-366,-369,-428,-351,-449,-286,-302,-222,-352,-214,-275,-271,-284,-264,-240,-258,-306,-281,-290,-293,-287,-276,-399,-396,-1129,-1087,-1716,-1686,-29991,-29992]} 1. d4 Nf6 2. c4 e6 3. Nf3 d5 4. e3 a6 5. Nbd2 (5. Nc3 dxc4 6. Bxc4 c5 7. O-O b5 8. Be2 Bb7 9. dxc5 Qxd1 10. Rxd1 Nc6 11. b3 Bxc5 12. Bb2 O-O 13. Nd2 Be7 14. Bf3 Rfd8 15. Nde4 Nxe4 16. Nxe4 f5 17. Ng3 Na5 18. Ne2 Bxf3 19. gxf3 Kf7 20. f4 Rxd1+ 21. Rxd1 {1-0 (46) Andreikin,D (2712)-Yu,Y (2751) Huaian 2017}) 5... c5 6. cxd5 {D30: Queen's Gambit Declined: Systems without Nc3} exd5 7. dxc5 Bxc5 8. Be2 Nc6 9. O-O O-O 10. Nb3 {LiveBook: 16 Games} Bb6 11. Nbd4 Ne4 12. Bd2 $146 ({Predecessor:} 12. a3 Bg4 13. Nxc6 bxc6 14. Nd4 Bxe2 15. Qxe2 Bxd4 16. exd4 {0-1 (38) Mai,I (2185)-Priehoda,V (2365) Germany 1995}) 12... Bg4 13. Nxc6 bxc6 14. Rc1 c5 15. Bc3 Re8 16. Qa4 {[#]} (16. Nd2 $11 {remains equal.} Nxc3 17. bxc3) 16... d4 $1 $17 {[%cal Rd4c3][%mdl 512]} 17. Rcd1 {[#]} (17. Be1 $17) (17. exd4 Nxc3) 17... Bd7 $1 $19 {[%cal Rd7a4]} 18. Qb3 dxc3 19. Bc4 Nd2 20. Nxd2 cxd2 21. Bxf7+ Kh8 22. Rxd2 Ba5 23. Rd5 (23. Bxe8 $17 Bxd2 24. Bxd7 Qxd7 25. Qc2) 23... Rf8 24. Rh5 Bg4 25. Rxc5 Be2 26. Ra1 (26. Rb1 $142) 26... Rb8 27. Qe6 Rb6 28. Qe5 Rd6 (28... Rxf7 $2 29. Rxa5 Bb5 30. f3 $19) 29. Bb3 Bc7 {Strongly threatening ...Bf3!} 30. Qc3 (30. Rac1 {might work better.} Bb8 31. Qc3) 30... Bb8 $40 {[%mdl 128] Black has strong attack.} 31. Qe1 Rh6 32. f4 ({Don't blunder} 32. Qxe2 $2 Bxh2+ 33. Kf1 Bg3 $19) 32... Qe7 33. Rc3 Bg4 34. Qg3 Bf5 35. Bd5 Rd6 {[%cal Bh6d6,Bd6d2,Bd2b2][%mdl 32]} 36. Bf3 Rd2 37. Re1 (37. Rb3 {was worth a try.}) 37... Rxb2 38. e4 $2 (38. Rb3 Rxb3 39. axb3) 38... Ba7+ 39. Kf1 Bd7 {( -> ...Bb5+)} 40. f5 Bb5+ {Precision: White = 36%, Black = 67%.} 0-1

[Event "2nd Sharjah Masters 2018"]
[Site "Sharjah"]
[Date "2018.04.14"]
[Round "4"]
[White "Poormosavi, Seyed Kian"]
[Black "Iniyan, P."]
[Result "1-0"]
[WhiteElo "2218"]
[BlackElo "2466"]
[Annotator "TA"]
[PlyCount "117"]
[EventDate "2018.??.??"]
[EventType "swiss"]
[EventCountry "UAE"]
[SourceTitle "playchess.com"]
[Source "ChessBase"]
[SourceQuality "1"]

{[%evp 20,117,3,0,3,0,0,0,-5,0,0,0,16,11,20,14,0,0,20,0,0,0,0,0,0,0,0,0,0,0,0,0,0,-13,0,0,9,6,51,34,53,47,68,72,102,62,72,72,75,77,69,64,73,58,108,134,431,417,29978,29979,8370,159,138,115,29980,8370,5161,1008,1008,1008,1008,1008,1008,1008,1008,992,910,875,932,828,5522,3424,5102,3281,3120,29949,5418,9944,29973,29974,29974,29975,29976,29977,29977,29978,29982,29983,29980,29982]} 1. Nf3 Nf6 2. g3 g6 3. Bg2 Bg7 4. O-O O-O 5. c4 d6 6. Nc3 e5 7. d3 Nc6 8. Rb1 Re8 9. Bg5 h6 {A26: English Opening vs King's Indian with ...Nc6 and d3} 10. Bxf6 Bxf6 11. b4 {LiveBook: 16 Games} Nd4 $146 {The position is equal.} ({Predecessor:} 11... a6 12. a4 Bg7 13. b5 axb5 14. axb5 Ne7 15. Qb3 Be6 16. Nd2 c6 17. Rfc1 d5 18. Qb4 Nf5 19. bxc6 bxc6 20. Qb6 Rc8 21. Qxd8 Rexd8 22. Na4 Bf8 23. e3 Rb8 24. Ra1 d4 {0-1 (58) Valdes Romero,L (2402)-Cuenca Jimenez,J (2483) Roquetas de Mar 2015}) 12. e3 Ne6 13. d4 exd4 14. exd4 Bg7 15. Qd2 Bd7 16. Rfe1 g5 17. d5 Nf8 18. Rxe8 Bxe8 19. Nd4 Qf6 20. Rd1 a5 {White must now prevent ...Qxd4.} 21. Ncb5 Bxb5 22. Nxb5 axb4 23. Nxc7 Rc8 24. Nb5 $36 {[%cal Bc7b5,Bb5d4,Bd4f5][%mdl 2080] White fights for an advantage.} Rxc4 25. Bf1 Rc5 26. Qxb4 Ng6 27. Qe4 Ne5 28. Be2 g4 29. Nd4 Ra5 30. Nf5 h5 31. a4 Bf8 32. Rc1 Rc5 33. Rxc5 $1 dxc5 34. h3 gxh3 35. Bxh5 c4 36. Kh2 Nd3 37. d6 Nxf2 $2 {[%mdl 8192]} (37... Ne5 $16) 38. Qd5 $1 $18 {Strongly threatening d7.} c3 (38... Bxd6 $18 39. Nxd6 c3 40. Bxf7+ Kf8) 39. d7 c2 40. Bxf7+ $2 (40. d8=Q $18 {and the rest is easy.} Ng4+ 41. Bxg4 Qxd8 42. Qxd8) 40... Kh7 $16 ({Don't blunder} 40... Qxf7 $2 41. Nh6+ $1 {[%mdl 512]} Bxh6 42. d8=Q+ Kg7 43. Qd4+ Kg6 44. Q4b6+ Kh7 45. Qbc7 $18) 41. d8=Q {Intending Bg8+ and mate.} Qxd8 $4 {[%mdl 8192]} (41... Ng4+ $16 42. Kxh3 c1=Q 43. Qxf6 (43. Qxf8 Qf1+ 44. Kxg4 Qe2+ 45. Kh3 Qf1+ 46. Qg2 Q1xf5+ 47. Kh2 Qxf7 $16) 43... Nxf6 44. Qxb7 (44. Qf3 Kh8 $16) 44... Qf1+ 45. Kh4 Kh8) 42. Qxd8 (42. Bg8+ $142 Kh8 43. Qxd8 c1=Q 44. Bd5 Kh7 45. Qxf8 Ng4+ 46. Kxh3 Qg5 47. Qf7+ Kh8 48. Nh4) 42... c1=Q $18 43. Qh4+ (43. Bd5 $142 Ng4+ 44. Kxh3) 43... Bh6 44. Qxh6+ Qxh6 45. Nxh6 Kxh6 {[%mdl 4096] Endgame KB-KN} 46. a5 $1 Ng4+ 47. Kxh3 Ne3 {[#]} 48. Kh4 $1 Kg7 49. Bb3 Kf6 50. g4 Ke5 {[#]} 51. g5 $1 Ng2+ 52. Kg4 Ne3+ 53. Kh5 Ng2 54. Bd1 {White mates.} Nf4+ 55. Kh6 Kd6 56. Bf3 Kc7 57. g6 Ne6 58. Bd5 Nd4 59. Kg5 {Precision: White = 75%, Black = 45%.} 1-0

[Event "2nd Sharjah Masters 2018"]
[Site "Sharjah"]
[Date "2018.04.14"]
[Round "4"]
[White "Nyazi, Nehad"]
[Black "Dimakiling, Oliver"]
[Result "0-1"]
[WhiteElo "2213"]
[BlackElo "2412"]
[Annotator "TA"]
[PlyCount "96"]
[EventDate "2018.??.??"]
[EventType "swiss"]
[EventCountry "UAE"]
[SourceTitle "playchess.com"]
[Source "ChessBase"]
[SourceQuality "1"]

{[%evp 17,96,35,28,31,26,37,39,37,38,35,43,39,54,12,39,25,16,0,30,0,19,0,22,0,14,0,15,22,75,-197,-195,-195,-193,-187,-191,-214,-150,-147,-136,-144,-94,-137,-99,-135,-81,-125,-86,-92,-51,-110,-99,-152,-152,-154,-149,-201,-212,-295,-276,-281,-224,-295,-294,-698,-670,-700,-699,-1558,-1537,-1447,-1462,-1392,-1344,-29985,-29985,-29988,-29989,-29991,-29992,-29992,-29993]} 1. d4 Nf6 2. c4 e6 3. Nc3 d5 4. cxd5 exd5 5. Bg5 Be6 6. Nf3 Nbd7 7. e3 a6 8. Bd3 Be7 9. O-O O-O {LiveBook: 6 Games} 10. Rc1 {D35: Queen's Gambit Declined: Exchange Variation} (10. Qc2 h6 11. Bf4 c5 12. dxc5 Nxc5 13. Rad1 Rc8 14. Qb1 Qb6 15. Be5 Rfd8 16. Bd4 Qc7 17. h3 b5 {½-½ (92) Aronian,L (2805)-Georgiev,K (2623) Riadh 2017}) 10... h6 11. Bf4 c5 $146 ({Predecessor:} 11... Rc8 12. Bb1 Re8 13. h3 c5 14. dxc5 Nxc5 15. Nd4 Bd6 16. Nde2 b5 17. b4 Nb7 {½-½ (58) Esen,N (2417)-Girard,E (2366) ICCF email 2010}) 12. dxc5 {White is slightly better.} Nxc5 13. Bb1 Rc8 14. Nd4 Bd6 15. Nxe6 fxe6 16. Bxd6 Qxd6 17. f4 Ncd7 18. Kh1 Qb6 19. Qd2 Rc4 20. Rce1 Rd8 21. b3 Rb4 22. Na4 Qa5 (22... Qd6 $11) 23. Qb2 $2 {[%mdl 8192] [#]} (23. Qd1 $16) 23... Qxa4 $1 $19 {[%mdl 512]} 24. Qxf6 (24. bxa4 Rxb2) 24... Nxf6 25. bxa4 Rxa4 26. Rc1 Rc4 27. Bd3 Rcc8 28. h3 h5 29. g3 Kf7 30. Kg2 Ke7 (30... b5 $142 31. Kf3 Nd7) 31. Kf3 Rf8 32. Ke2 Kd7 33. Kf3 (33. Rb1 $15) 33... Kd6 $17 34. Bg6 (34. e4 $142 e5 35. f5) 34... b5 35. Rfd1 e5 {[%cal Be6e5,Be5e4][%mdl 32]} 36. Bf5 (36. Ke2 $17 {was worth a try.}) 36... Rc4 $19 37. Rxc4 bxc4 {[%mdl 4096] Endgame KRB-KRN} 38. Rb1 e4+ 39. Ke2 {[#]} d4 $1 {[%cal Bd5d4,Bd4d3][%mdl 544] aiming for ...Nd5.} 40. Rb6+ $2 (40. Rc1 Nd5 41. Rxc4 Rxf5 42. Rxd4) (40. exd4 Nd5) 40... Kc5 41. Rb7 d3+ 42. Kd2 {[#] and if Rc7+ works, White does fine.} c3+ $1 {[%mdl 512]} 43. Kxc3 Nd5+ 44. Kd2 Rxf5 45. Rxg7 Rf8 {Black mates.} 46. Rg5 Rb8 47. Rxh5 Rb2+ 48. Kd1 Kc4 {Precision: White = 23%, Black = 53%.} 0-1

[Event "2nd Sharjah Masters 2018"]
[Site "Sharjah"]
[Date "2018.04.14"]
[Round "4"]
[White "Zhu, Yilun"]
[Black "Soumya, Swaminathan"]
[Result "0-1"]
[WhiteElo "2195"]
[BlackElo "2354"]
[Annotator "NA"]
[PlyCount "108"]
[EventDate "2018.??.??"]
[EventType "swiss"]
[EventCountry "UAE"]
[SourceTitle "playchess.com"]
[Source "ChessBase"]
[SourceQuality "1"]
[TimeControl "5400+30"]

1. e4 {[%emt 0:00:00]} c5 {[%emt 0:00:04]} 2. Nc3 {[%emt 0:00:00]} Nc6 {[%emt 0:00:10]} 3. Nge2 {[%emt 0:00:00]} d6 {[%emt 0:01:35]} 4. d4 {[%emt 0:00:05]} cxd4 {[%emt 0:00:05]} 5. Nxd4 {[%emt 0:00:02]} Nf6 {[%emt 0:00:06]} 6. Bc4 {[%emt 0:00:18]} e6 {[%emt 0:00:35]} 7. Be3 {[%emt 0:00:10]} a6 {[%emt 0:00:48]} 8. Qe2 {[%emt 0:00:14]} Qc7 {[%emt 0:03:52]} 9. Bb3 {[%emt 0:00:05]} Na5 {[%emt 0:00:14]} 10. g4 {[%emt 0:00:29]} Rb8 {[%emt 0:20:13] B89: Sicilian: Velimirovic Attack} (10... b5 $11 11. g5 Nd7 12. Bxe6 fxe6 13. Nxe6 Qc4 14. Nd5 Qxe2+ 15. Kxe2 Rb8 16. f4 Nc6 17. Rad1 Nc5 18. Nec7+ Kf7 19. Kf3 Ne6 {0-1 (43) Antonio,V (2402)-Istratescu,A (2595) Graz 2018}) 11. g5 {[%emt 0:01:21]} Nxb3 {[%emt 0:00:09]} 12. axb3 $146 {[%emt 0:01:54]} ({Predecessor:} 12. cxb3 Nd7 13. Rc1 Qd8 14. h4 Be7 15. Rg1 Ne5 16. f4 Nc6 17. f5 Ne5 18. Rc2 {1-0 (33) Berezjuk,S (2390)-Belunek,V (2230) Tatranska Lomnica 1997}) 12... Nd7 {[%emt 0:00:03]} 13. f4 {[%emt 0:07:13]} Be7 {[%emt 0:09:23]} 14. f5 {[%emt 0:01:53]} Ne5 {[%emt 0:00:34]} 15. fxe6 {[%emt 0:08:39]} ({Better is} 15. O-O-O $16) 15... fxe6 {[%emt 0:00:48]} 16. Rf1 {[%emt 0:01:15]} Nf7 {[%emt 0:12:41]} 17. Qg4 {[%emt 0:10:48]} Qd7 {[%emt 0:01:26]} 18. O-O-O {[%emt 0:11:16]} g6 {[%emt 0:04:38]} 19. Qg2 {[%emt 0:03:50]} b5 {[%emt 0:05:20]} 20. h4 {[%emt 0:01:49]} b4 $11 {[%emt 0:02:16]} 21. Na4 {[%emt 0:00:50]} e5 {[%emt 0:00:54]} 22. Nf5 {[%emt 0:09:51]} gxf5 {[%emt 0:00:25]} 23. exf5 {[%emt 0:00:02]} Bb7 {[%emt 0:05:20]} 24. Qg3 {[%emt 0:00:41]} Be4 {[%emt 0:01:54]} 25. Nc5 {[%emt 0:03:53]} Qc6 {[%emt 0:04:05]} 26. Nxe4 {[%emt 0:01:27]} Qxe4 {[%emt 0:00:09]} 27. f6 {[%emt 0:04:21]} Bd8 {[%emt 0:09:13]} 28. Qh3 {[%emt 0:01:30]} Kf8 {[%emt 0:00:43]} 29. Rfe1 {[%emt 0:00:46]} Qc6 {[%emt 0:00:17]} 30. h5 {[%emt 0:00:46]} a5 {[%emt 0:12:31]} 31. Qf5 {[%emt 0:01:48]} a4 {[%emt 0:02:13]} 32. g6 {[%emt 0:07:23]} hxg6 {[%emt 0:00:02]} 33. hxg6 {[%emt 0:00:03]} Rh2 {[%emt 0:00:07]} 34. gxf7 {[%emt 0:01:00]} axb3 {[%emt 0:01:16]} 35. Rd2 {[%emt 0:00:04]} Rxd2 {[%emt 0:01:00]} 36. Bh6+ {[%emt 0:01:08]} Kxf7 {[%emt 0:00:03]} 37. Qh5+ {[%emt 0:01:14]} Ke6 {[%emt 0:00:06]} 38. Qh3+ {[%emt 0:00:39]} Kd5 {[%emt 0:00:56]} 39. Qxb3+ {[%emt 0:00:42]} Kc5 {[%emt 0:01:30]} 40. f7 {[%emt 0:04:17]} Bh4 {[%emt 0:00:38]} 41. Bxd2 {[%emt 0:06:44]} Bxe1 {[%emt 0:00:13]} 42. Bxe1 {[%emt 0:00:17]} Qe4 {[%emt 0:00:54]} 43. Bf2+ {[%emt 0:01:31]} Kb5 {[%emt 0:00:16]} 44. Qe6 {[%emt 0:04:11]} Qc6 {[%emt 0:00:49]} 45. Qf5 {[%emt 0:00:29]} b3 {[%emt 0:00:53]} 46. c3 {[%emt 0:00:25]} Rf8 {[%emt 0:00:28]} 47. Qe6 {[%emt 0:00:16]} Ka4 {[%emt 0:01:29]} 48. Qe7 {[%emt 0:00:16]} Qh1+ {[%emt 0:00:12]} 49. Kd2 {[%emt 0:00:04]} Qd5+ {[%emt 0:00:09]} 50. Kc1 {[%emt 0:00:28]} Qh1+ {[%emt 0:00:48]} 51. Kd2 {[%emt 0:00:02]} Qd5+ {[%emt 0:00:04]} 52. Kc1 {[%emt 0:00:22]} Qxf7 {[%emt 0:00:23]} 53. Qxd6 {[%emt 0:00:06]} Qf4+ {[%emt 0:00:14]} 54. Kd1 {[%emt 0:00:03]} Qf3+ {[%emt 0:00:10]} 0-1

[Event "2nd Sharjah Masters 2018"]
[Site "Sharjah"]
[Date "2018.04.14"]
[Round "4"]
[White "Al Hosani, Omran"]
[Black "Haddouche, Mohamed"]
[Result "0-1"]
[WhiteElo "2101"]
[BlackElo "2506"]
[Annotator "TA"]
[PlyCount "30"]
[EventDate "2018.??.??"]
[EventType "swiss"]
[EventCountry "UAE"]
[SourceTitle "playchess.com"]
[Source "ChessBase"]
[SourceQuality "1"]

{[%evp 13,30,0,47,33,38,-18,-18,-197,-194,-208,-195,-272,-277,-290,-282,-317,-307,-833,-821]} 1. d4 Nf6 2. c4 c5 3. Nf3 cxd4 4. Nxd4 b6 5. Nc3 Bb7 6. Bg5 e6 7. e4 {A31: Symmetrical English: 2 Nf3 Nf6 3 d4} (7. Ndb5 d6 8. Bf4 e5 9. Bg5 a6 10. Bxf6 gxf6 11. Na3 f5 12. e3 Nd7 13. Nc2 Rg8 14. Nd5 Rc8 15. Qd3 {1-0 (43) Kempinski,R (2617)-Mista,A (2563) Warsaw 2010}) 7... d6 {LiveBook: 6 Games} 8. Qa4+ Nbd7 $146 ({Find the theoretical novelty and annotate with similar games:} 8... Qd7 9. Qxd7+ Kxd7 10. f3 a6 11. O-O-O Kc7 12. Be2 Nbd7 13. Rd2 Be7 14. Rhd1 Rad8 {½-½ (65) Veleski,R (2241)-Jacimovic,D (2443) Struga 2011}) 9. O-O-O (9. Rd1 $14) 9... a6 $11 10. e5 $2 (10. h4 $11 {and White is okay.}) 10... dxe5 $19 11. Nf3 {[#] aiming for Nxe5.} Qc7 12. Nxe5 (12. Nd2 {was worth a try.}) 12... Qxe5 ({Less strong is} 12... b5 13. cxb5 Nxe5 14. Bf4 $11) 13. Bxf6 {[%csl Gd1][%cal Ra4d7]} Qf4+ 14. Rd2 {[%csl Gd2][%cal Ra4d7]} b5 $1 {[%cal Rb5a4]} 15. Nxb5 $2 {[#]} (15. cxb5 Qxa4 16. Nxa4 Nxf6 17. bxa6 Bxa6 18. Nb6) 15... gxf6 0-1